书目信息 |
| 题名: |
苏中军区海防团回忆史料
|
|
| 作者: | ;上海市新四军暨华中抗日根据地历史研究会 编 | |
| 分册: | ||
| 出版信息: | 上海 上海人民出版社 2019.08 |
|
| 页数: | 282页, [12] 页图版 | |
| 开本: | 24cm | |
| 丛书名: | ||
| 单 册: | ||
| 中图分类: | K265.106 | |
| 科图分类: | ||
| 主题词: | ||
| 电子资源: | ||
| ISBN: | 978-7-208-16018-7 | |
| 000 | 01347nam0 2200229 450 | |
| 001 | CAL 0120192849969 | |
| 005 | 20230217093111.0 | |
| 010 | @a978-7-208-16018-7@dCNY68.00 | |
| 100 | @a20191011d2019 em y0chiy0120 ea | |
| 101 | 0 | @achi |
| 102 | @aCN@b310000 | |
| 105 | @aabf z 000yy | |
| 106 | @ar | |
| 200 | 1 | @a苏中军区海防团回忆史料@Asu zhong jun qu hai fang tuan hui yi shi liao@f上海市新四军暨华中抗日根据地历史研究会一师苏中研究分会编 |
| 210 | @a上海@c上海人民出版社@d2019.08 | |
| 215 | @a282页, [12] 页图版@c图, 地图@d24cm | |
| 330 | @a这是一本反映在抗日战争时, 新四军第一师暨苏中抗日根据地海防部队的回忆史料。舒总军区海防团 (后发展为苏中军区海防纵队) , 1942年正式成立。这支诞生在苏中根据地的海上部队, 在目前新四军的史料中介绍甚少, 但由于它的存在, 使抗战中的苏中根据地有了一个相对稳定的后方, 对部队及根据地的保障, 发挥了极大地作用。部队在各个历史时期不断发展壮大, 参加了抗日战争, 解放战争, 1949年编入中国人民解放军华东军区海军, 本书的取材主要源自当年留下的数篇珍贵历史史料和那段历史亲历者的回忆。 | |
| 601 | 02 | @a新四军@Axin si jun@x抗日斗争@y江苏@x史料 |
| 690 | @aK265.106@v5 | |
| 711 | 02 | @a上海市新四军暨华中抗日根据地历史研究会@Ashang hai shi xin si jun ji hua zhong kang ri gen ju di li shi yan jiu hui@b一师苏中研究分会@Byi shi su zhong yan jiu fen hui@4编 |
| 801 | 0 | @aCN@bBJXHZP@c20230228 |
| 905 | @b1397712-5@dK265.106@e176@f4 | |
| 苏中军区海防团回忆史料/上海市新四军暨华中抗日根据地历史研究会一师苏中研究分会编.-上海:上海人民出版社,2019.08 |
| 282页, [12] 页图版:图, 地图;24cm |
| ISBN 978-7-208-16018-7:CNY68.00 |
| 这是一本反映在抗日战争时, 新四军第一师暨苏中抗日根据地海防部队的回忆史料。舒总军区海防团 (后发展为苏中军区海防纵队) , 1942年正式成立。这支诞生在苏中根据地的海上部队, 在目前新四军的史料中介绍甚少, 但由于它的存在, 使抗战中的苏中根据地有了一个相对稳定的后方, 对部队及根据地的保障, 发挥了极大地作用。部队在各个历史时期不断发展壮大, 参加了抗日战争, 解放战争, 1949年编入中国人民解放军华东军区海军, 本书的取材主要源自当年留下的数篇珍贵历史史料和那段历史亲历者的回忆。 |
| ● |
| 相关链接 |
|
|
|
|
正题名:苏中军区海防团回忆史料
索取号:K265.106/176
 
预约/预借
| 序号 | 登录号 | 条形码 | 馆藏地/架位号 | 状态 | 备注 |
| 1 | 1397712 | 213977124 | 第二样本阅览室/ [索取号:K265.106/176] | 在馆 | |
| 2 | 1397713 | 213977133 | 第二借阅区/ [索取号:K265.106/176] | 在馆 | |
| 3 | 1397714 | 213977142 | 第二借阅区/ [索取号:K265.106/176] | 在馆 | |
| 4 | 1397715 | 213977151 | 第二借阅区/ [索取号:K265.106/176] | 在馆 |